Science Quiz

Random Science Quiz

Sagittal section of cat skull Quiz Stats

 Plays Quiz not verified by Sporcle

Score 0/12 Timer 10:00
0 Plays Today
% Correct
Frontal sinus
79.7%
Nasal bone
66.1%
Incisive bone
66.1%
Tentorium
62.7%
Cribriform plate
59.3%
Palatine process of premaxilla
49.2%
Sella turcica
49.2%
Palatine bone (horizontal plate)
47.5%
Ethmoturbinates
45.8%
Palatine process of maxillae
44.1%
Sphenoidal sinus
44.1%
Hypophyseal fossa
40.7%

You're not logged in!

Compare scores with friends on all Sporcle quizzes.
OR
Log In

You Might Also Like...

Show Comments

Extras

Created Jun 4, 2016ReportNominate
Tags:cat, section, skull

Top Quizzes Today


Score Distribution

Your Account Isn't Verified!

In order to create a playlist on Sporcle, you need to verify the email address you used during registration. Go to your Sporcle Settings to finish the process.

Report this User

Report this user for behavior that violates our Community Guidelines.

Details: